| 000 | 00456nam a2200181Ia 4500 | ||
|---|---|---|---|
| 001 | 16679 | ||
| 005 | 20260306170327.0 | ||
| 008 | 260306t1982||||xx |||||||||||||| ||und|| | ||
| 041 | _aESP | ||
| 082 |
_a349.1 _bK24 |
||
| 100 |
_aKaser, Max _eAUT |
||
| 245 | 0 |
_aDerecho romano privado: _bversión directa de la 5a. edición alemana |
|
| 260 | _c1982 | ||
| 300 |
_a421 páginas : _c21 cm. |
||
| 650 | _aGEN | ||
| 654 | _aCDE | ||
| 942 |
_cLIB _dJUS _fJUS _2ddc _n |
||
| 999 |
_c16679 _d16679 |
||